LIBRARY & INFORMATION CENTRE, KCAET, TAVANUR

ONLINE PUBLIC ACCESS CATALOGUE (OPAC)

Haasyavilasam, Part 2 / (Record no. 597)

MARC details
000 -LEADER
fixed length control field 00516cam a2200205ua 4500
041 ## - LANGUAGE CODE
Language code of text/sound track or separate title mal
082 ## - DEWEY DECIMAL CLASSIFICATION NUMBER
Classification number 894.812 1
Item number IPE/HA
100 ## - MAIN ENTRY--AUTHOR NAME
Personal name Ipe, Vidwan V T .
245 ## - TITLE STATEMENT
Title Haasyavilasam, Part 2 /
250 ## - EDITION STATEMENT
Edition statement 1 /
260 ## - PUBLICATION, DISTRIBUTION, ETC. (IMPRINT)
Place of publication Kottayam :
Name of publisher Vidyarthi Mithram Book Depo ,
Year of publication 1962.
300 ## - PHYSICAL DESCRIPTION
Number of Pages 95 ; .
650 ## - SUBJECT ADDED ENTRY--TOPICAL TERM
Topical Term Ottanthullal
650 ## - SUBJECT ADDED ENTRY--TOPICAL TERM
Topical Term Poems - Malayalam
942 ## - ADDED ENTRY ELEMENTS (KOHA)
Koha item type Books
Holdings
Withdrawn status Lost status Damaged status Home library Current library Date acquired Full call number Accession Number Koha item type
Withdrawn     KAUAET Malayalam University 07/04/2012 894.812 1 1259 Books
free website counter